00566nam a22001931 450000500170000000800410001701000170005802000260007502000260010103500170012703700160014404000180016008200060017810000170018424500440020126000440024527000600028930000230034920050808122104.0721219s1962 nyu 000 0 eng  aB-347202-210 a9780007294695c250.00 a9780007294695c250.00 aB-347202-210 bAakar Books adplbEnglish  aN aKelly, Cathy aLessons in heartbreak /cby Cathy Kelly aLondonbHarper-Collins Publishersc2008 a77-85 Fullham, Palace Road,Hammersmithb LondoneW6 8JB a454pc18 cm (pbk)